Book hives Bank Probationary officer Exam (Record no. 1296617)

MARC details
000 -LEADER
fixed length control field 00451nam a2200181Ia 4500
005 - DATE AND TIME OF LATEST TRANSACTION
control field 20250326142802.0
008 - FIXED-LENGTH DATA ELEMENTS--GENERAL INFORMATION
fixed length control field 250326s9999 xx 000 0 und d
037 ## - SOURCE OF ACQUISITION
Stock number Textbook
040 ## - CATALOGING SOURCE
Original cataloging agency FMSL
Language of cataloging eng
Transcribing agency FMSL
041 ## - LANGUAGE CODE
Language code of text/sound track or separate title eng
Source of code eng
084 ## - COLON CLASSIFICATION NUMBER
Assigning agency FMSL
100 ## - MAIN ENTRY--PERSONAL NAME
Personal name Chopra R
245 #0 - TITLE STATEMENT
Title Book hives Bank Probationary officer Exam
Statement of responsibility, etc. Chopra R
260 ## - PUBLICATION, DISTRIBUTION, ETC.
Place of publication, distribution, etc. Book
Name of publisher, distributor, etc. Book, hives
Date of publication, distribution, etc. 1984
300 ## - PHYSICAL DESCRIPTION
Extent v.
942 ## - ADDED ENTRY ELEMENTS (KOHA)
Koha item type Textbook
Holdings
Withdrawn status Lost status Damaged status Not for loan Home library Current library Date acquired Total Checkouts Barcode Date last seen Price effective from Koha item type
        Faculty of Management Library Faculty of Management Library 2025-03-26   ML0829298 2025-03-26 2025-03-26 Textbook
Copyright @ Delhi University Library System